Normal view
MARC view
- Mayfield, Blayne
Entry Personal Name
001 - CONTROL NUMBER
- control field: 10651
003 - CONTROL NUMBER IDENTIFIER
- control field: OSt
005 - DATE AND TIME OF LATEST TRANSACTION
- control field: 20160627193956.0
008 - FIXED-LENGTH DATA ELEMENTS
- fixed length control field: 160627|| aca||aabn | a|a d
040 ## - CATALOGING SOURCE
- Original cataloging agency: OSt
100 ## - HEADING--PERSONAL NAME
- Personal name: Mayfield, Blayne
